| 000 | 00672nam a22001697a 4500 | ||
|---|---|---|---|
| 008 | 161124b xxu||||| |||| 00| 0 eng d | ||
| 040 |
_aKABU _cKABU |
||
| 050 |
_aHG3751.9 _b.K46P43 2013 |
||
| 100 | _aPedo, Maurice Owino | ||
| 245 |
_aAn investigation of factors affecting credit information sharing in Kenya _ba case of deposit taking savings and credit co-operative societies in Nairobi county _cMaurice Owino Pedo |
||
| 250 | _a1st ed. | ||
| 260 |
_aNakuru, Kenya _bKabarak University _c2013 |
||
| 300 |
_axi, 61 p. _eCD-ROM |
||
| 700 | _aOsiemo, Fred | ||
| 700 | _aBichanga, Julius | ||
| 942 |
_2lcc _cTHE _e1st ed. _hHG3751.9 .K46P43 2013 _kKTC/The |
||
| 999 |
_c16240 _d16240 |
||